Philip's new reference atlas (Record no. 36430)

MARC details
000 -LEADER
fixed length control field 00271nam a2200109Ia 4500
082 ## - DEWEY DECIMAL CLASSIFICATION NUMBER
Classification number 912
Item number PHI
100 ## - MAIN ENTRY--AUTHOR NAME
Personal name Philip George
245 #0 - TITLE STATEMENT
Title Philip's new reference atlas
260 ## - PUBLICATION, DISTRIBUTION, ETC. (IMPRINT)
Place of publication London
Name of publisher George Philip
Year of publication 1980
942 ## - ADDED ENTRY ELEMENTS (KOHA)
Koha item type Books
Holdings
Withdrawn status Lost status Damaged status Not for loan Home library Current library Date acquired Full call number Accession Number Koha item type
        RRII Library RRII Library 16/12/2021 912 PHI 16836 Books